| 000 | 00412nam a22001697a 4500 | ||
|---|---|---|---|
| 003 | OSt | ||
| 005 | 20211001102643.0 | ||
| 008 | 211001b |||||||| |||| 00| 0 eng d | ||
| 020 | _a978-93-84337-24-7 | ||
| 040 | _cHU | ||
| 082 | _a581.1028 | ||
| 100 |
_aR. SIVAKUMAR _98996 |
||
| 245 | _aPractical Plant Physiology | ||
| 260 |
_aIndia _bNARENDRA PUBLISHING HOUSE _c2015 |
||
| 300 | _a232 | ||
| 942 |
_2ddc _cBOOKS _n0 |
||
| 999 |
_c8338 _d8338 |
||